| 000 | 00656cam a22002413a 4500 | ||
|---|---|---|---|
| 001 | 29470 | ||
| 003 | PGUSA | ||
| 005 | 20140828083634.0 | ||
| 008 | 090720s2009||||xxu|||||s|||||000 | eng d | ||
| 040 |
_aPGUSA _beng |
||
| 042 | _adc | ||
| 050 | 4 | _aBS | |
| 245 | 1 | 0 |
_aEmbéo e Majaró Lucas _h[electronic resource] |
| 260 |
_bProject Gutenberg, _c2009 |
||
| 506 | _aPublic domain in the USA. | ||
| 516 | _aElectronic text | ||
| 653 | _aRomani language -- Texts | ||
| 700 | 1 |
_aBorrow, George, _d1803-1881 |
|
| 740 | 0 | _aBible. N.T. Luke. Romany | |
| 830 | 0 |
_aProject Gutenberg _v29470 |
|
| 856 | 4 | 0 | _uhttp://www.gutenberg.org/ebooks/29470 |
| 942 | _cEB | ||
| 999 |
_c258725 _d258725 |
||